| 000 | 00647cab a2200217 4500 | ||
|---|---|---|---|
| 001 | WB3130-13 | ||
| 008 | 090401t1995 xxu||||| |||| 00| 0 eng d | ||
| 035 | _a(Sirsi) u45883 | ||
| 041 | _aeng | ||
| 245 | _aSunday trading not a success | ||
| 260 | _c1995 | ||
| 350 | _a0 | ||
| 490 |
_aSunday Telegraph _v30 July 1995, 8(1) |
||
| 520 | _aA Healey and Baker report shows that despite initial predictions of success, most shops are staying shut on Sundays. | ||
| 650 | _aHEALEY AND BAKER | ||
| 650 | _aRETAILING | ||
| 650 | _aSUNDAY TRADING | ||
| 690 | _aPROPERTY-COMMERCIAL PROPERTY-RETAIL PROPERTY | ||
| 942 | _n0 | ||
| 948 | _c04/03/1997 | ||
| 999 |
_c29027 _d29027 |
||